00530nam a22001817a 450000500170000000800410001702000180005804000210007605000240009710000340012124500390015525000130019426000490020730000100025665000500026694200150031699900170033120230412134659.0230412b |||||||| |||| 00| 0 eng d a9781405873505 cChuka university aKD 3930 b.B73 2010 aEwing K.D, Bradley A.W.99589 aConstitution & Administrative Law/ a15th ed. aEngland, UKbPearson Education Limitedc2011 a804p. aConstitutional and Administrative Law 99590 2lcccBKn0 c14186d14186